[Event "Blankenese op 3rd"]
[Site "Hamburg"]
[Date "2019.10.03"]
[Round "2"]
[White "Ziehm, Holger"]
[Black "Kort, Felix"]
[Result "0-1"]
[WhiteElo "1329"]
[BlackElo "1656"]
[PlyCount "52"]
[EventDate "2019.10.03"]
[EventType "swiss"]
[EventRounds "7"]
[EventCountry "GER"]
[SourceTitle "EXT 2023"]
[Source "ChessBase"]
[SourceDate "2022.10.05"]
[SourceVersion "1"]
[SourceVersionDate "2022.10.05"]
[SourceQuality "1"]

1. e4 e5 2. f4 exf4 3. Nf3 d5 4. exd5 Nf6 5. c4 Bd6 6. d4 0-0 7. Nc3 Re8+ 8. Be2 Bf5 9. 0-0 Nbd7 10. c5 Bf8 11. Bxf4 a6 12. Nh4 Be4 13. Nxe4 Nxe4 14. Nf3 Ndf6 15. c6 Qxd5 16. cxb7 Qxb7 17. Qc2 c5 18. Be5 cxd4 19. Bxd4 Rac8 20. Qd3 Bc5 21. Bxc5 Nxc5 22. Qa3 Rxe2 23. Rab1 Ne6 24. Qd3 Rcc2 25. Rbd1 Rxg2+ 26. Kh1 Rxh2+ 0-1

[Event "Blankenese op 1st"]
[Site "Hamburg"]
[Date "2017.10.03"]
[Round "4.38"]
[White "Von Rosen, Jakob"]
[Black "Ziehm, Holger"]
[Result "1-0"]
[WhiteElo "1734"]
[BlackElo "1369"]
[PlyCount "116"]
[EventDate "2017.09.30"]
[EventType "swiss"]
[EventRounds "7"]
[EventCountry "GER"]
[SourceTitle "EXT 2020"]
[Source "ChessBase"]
[SourceDate "2019.10.17"]
[SourceVersion "1"]
[SourceVersionDate "2019.10.17"]
[SourceQuality "1"]

1. c4 Nf6 2. g3 e6 3. Bg2 Nc6 4. Nc3 Bb4 5. Nf3 0-0 6. 0-0 d6 7. d4 Bxc3 8. bxc3 Bd7 9. Rb1 Rb8 10. Bg5 h6 11. Bxf6 Qxf6 12. Qd3 Rfe8 13. Rb2 Na5 14. e4 Qe7 15. e5 d5 16. Nd2 dxc4 17. Nxc4 Nxc4 18. Qxc4 c6 19. Rfb1 b5 20. Qc5 Qxc5 21. dxc5 Rec8 22. Rd1 Be8 23. Rd6 Kf8 24. a3 Ke7 25. Rb4 a5 26. Rbd4 Rc7 27. f4 g6 28. Kf2 h5 29. h3 Bd7 30. g4 hxg4 31. hxg4 Rf8 32. g5 Rh8 33. Rd1 Rb8 34. Rb1 Rbb7 35. Ke3 Kf8 36. Kd3 Rb8 37. Rd4 Ke7 38. Kc2 Rh8 39. Rh1 Rxh1 40. Bxh1 Rc8 41. Rd6 Kd8 42. Rd3 Ke7 43. Rh3 Rg8 44. Kb3 Kf8 45. a4 Kg7 46. Be4 Kf8 47. axb5 cxb5 48. c6 Bc8 49. c4 Ba6 50. cxb5 Bxb5 51. c7 Ke7 52. Bb7 Bd7 53. Rc3 Bc8 54. Bc6 Ba6 55. Bb5 Bb7 56. Ka4 Ra8 57. Rd3 Bc8 58. Rd8 Bb7 1-0

[Event "Hamburg-ch Seniors 23rd"]
[Site "Hamburg"]
[Date "2016.11.09"]
[Round "8"]
[White "Grube, Bernd"]
[Black "Ziehm, Holger"]
[Result "1-0"]
[WhiteElo "1526"]
[BlackElo "1676"]
[PlyCount "79"]
[EventDate "2016.11.02"]
[EventType "swiss"]
[EventRounds "9"]
[EventCountry "GER"]
[SourceTitle "EXT 2019"]
[Source "ChessBase"]
[SourceDate "2018.10.10"]
[SourceVersion "1"]
[SourceVersionDate "2018.10.10"]
[SourceQuality "1"]

1. d4 Nf6 2. c4 e6 3. Nf3 Bb4+ 4. Nc3 c5 5. e3 0-0 6. Qc2 Qc7 7. Bd3 h6 8. 0-0 b6 9. Ne4 Nxe4 10. Bxe4 Bb7 11. Bxb7 Qxb7 12. Rd1 cxd4 13. exd4 Be7 14. Bf4 d5 15. b3 Nd7 16. Qe2 Rac8 17. h4 Nf6 18. Ne5 Ne4 19. Qg4 f5 20. Qh3 Rf6 21. g4 fxg4 22. Qxg4 Rcf8 23. Be3 Nxf2 24. Bxf2 Rxf2 25. Qxe6+ Kh7 26. Rf1 R8f6 27. Qxd5 Qxd5 28. cxd5 R2f4 29. Rxf4 Rxf4 30. Nc6 Bxh4 31. Rf1 Rg4+ 32. Kh2 Rg5 33. Kh3 Bg3 34. Rg1 Bd6 35. Rxg5 hxg5 36. Nxa7 Kg6 37. Kg4 Kf6 38. Nc6 Bf4 39. a4 g6 40. b4 1-0

[Event "Pinneberg op Seniors 15th"]
[Site "Pinneberg"]
[Date "2014.??.??"]
[Round "2"]
[White "Cassens, Erhard Otto"]
[Black "Ziehm, Holger"]
[Result "1-0"]
[WhiteElo "1637"]
[BlackElo "1513"]
[PlyCount "44"]
[EventDate "2014.07.03"]
[EventType "swiss"]
[EventRounds "7"]
[EventCountry "GER"]
[SourceTitle "EXT 2017"]
[Source "ChessBase"]
[SourceDate "2016.10.25"]
[SourceVersion "1"]
[SourceVersionDate "2016.10.25"]
[SourceQuality "1"]

1. c4 Nf6 2. Nc3 e5 3. e4 Nc6 4. d3 Bc5 5. Be2 0-0 6. h4 Nd4 7. a3 Nxe2 8. Qxe2 d6 9. f3 Bxg1 10. Rxg1 Nh5 11. g3 c6 12. Be3 Qf6 13. 0-0-0 Qg6 14. Qh2 Nf6 15. g4 Re8 16. g5 Nd7 17. Ne2 Nf8 18. f4 f5 19. gxf6 Qxf6 20. f5 Bd7 21. Rdf1 h6 22. Bxh6 Qxh6+ 1-0

[Event "Hamburg Seniors-ch 20th"]
[Site "Hamburg"]
[Date "2013.11.05"]
[Round "7"]
[White "Horstmann, Axel"]
[Black "Ziehm, Holger"]
[Result "0-1"]
[WhiteElo "1380"]
[BlackElo "1697"]
[PlyCount "102"]
[EventDate "2013.10.30"]
[EventType "swiss"]
[EventRounds "9"]
[EventCountry "GER"]
[SourceTitle "EXT 2015"]
[Source "ChessBase"]
[SourceDate "2014.11.20"]
[SourceVersion "1"]
[SourceVersionDate "2014.11.20"]
[SourceQuality "1"]

1. e4 c6 2. d4 d5 3. Nc3 dxe4 4. Nxe4 Nd7 5. Nf3 Ngf6 6. Nxf6+ Nxf6 7. Bc4 Bg4 8. Bxf7+ Kxf7 9. Ne5+ Ke8 10. Nxg4 Qd5 11. 0-0 Rd8 12. Nxf6+ gxf6 13. Be3 Rg8 14. f3 Qf7 15. Qe2 e6 16. Rae1 Bd6 17. f4 Kd7 18. c4 Rde8 19. Kh1 Rg6 20. Qf3 f5 21. c5 Bc7 22. a3 a5 23. Rg1 Reg8 24. Bd2 Rg4 25. Re2 R8g6 26. g3 Qg7 27. Bc3 Bxf4 28. d5 Qh6 29. dxe6+ Ke7 30. Be5 Bxe5 31. Rxe5 f4 32. Re2 Rg7 33. Reg2 fxg3 34. Rxg3 Rxg3 35. Rxg3 Rxg3 36. Qxg3 Qc1+ 37. Kg2 Qxb2+ 38. Kh3 Qd4 39. Qh4+ Qf6 40. Qxf6+ Kxf6 41. Kh4 Kxe6 42. Kh5 Kd5 43. Kh6 Kxc5 44. Kxh7 Kd6 45. h4 c5 46. h5 c4 47. h6 c3 48. Kg6 c2 49. h7 c1Q 50. h8Q Qc2+ 51. Kf7 Qf5+ 0-1

[Event "Hamburg Seniors-ch 20th"]
[Site "Hamburg"]
[Date "2013.11.03"]
[Round "5"]
[White "Hofmeier, Arthur"]
[Black "Ziehm, Holger"]
[Result "0-1"]
[WhiteElo "1355"]
[BlackElo "1697"]
[PlyCount "100"]
[EventDate "2013.10.30"]
[EventType "swiss"]
[EventRounds "9"]
[EventCountry "GER"]
[SourceTitle "EXT 2015"]
[Source "ChessBase"]
[SourceDate "2014.11.20"]
[SourceVersion "1"]
[SourceVersionDate "2014.11.20"]
[SourceQuality "1"]

1. e4 Nf6 2. Nc3 e5 3. Nf3 Nc6 4. Bb5 d6 5. h3 a6 6. Ba4 Bd7 7. d3 b5 8. Bb3 Na5 9. a3 Nxb3 10. cxb3 Be7 11. 0-0 0-0 12. d4 exd4 13. Qxd4 Be6 14. b4 Qd7 15. Ng5 Bc4 16. Re1 Rad8 17. f4 Qc8 18. Nd5 Nxd5 19. exd5 Bf6 20. Qd1 Qf5 21. Nf3 Qxd5 22. Qc2 Qb7 23. Be3 Be6 24. Bd4 Bxd4+ 25. Nxd4 Bd7 26. Rac1 Rc8 27. Nc6 Bxc6 28. Qxc6 Qa7+ 29. Kh2 Qd4 30. Kg3 Qxb2 31. Rc3 Qd2 32. Rce3 g6 33. h4 d5 34. Qd7 d4 35. h5 Qxe3+ 36. Rxe3 dxe3 37. h6 Rcd8 38. Qe7 Rd6 39. Qxc7 e2 40. Kf2 Re6 41. Ke1 Rfe8 42. g4 R8e7 43. Qc1 Re8 44. Qc7 R8e7 45. Qc8+ Re8 46. Qc7 R6e7 47. Qc3 f5 48. gxf5 Rd8 49. Qg7+ Rxg7 50. hxg7 Rd4 0-1

[Event "Hamburg Seniors op 19th"]
[Site "Hamburg"]
[Date "2012.10.30"]
[Round "7"]
[White "Cassens, Erhard Otto"]
[Black "Ziehm, Holger"]
[Result "0-1"]
[WhiteElo "1676"]
[BlackElo "1523"]
[PlyCount "56"]
[EventDate "2012.10.24"]
[EventType "swiss"]
[EventRounds "9"]
[EventCountry "GER"]
[SourceTitle "EXT 2015"]
[Source "ChessBase"]
[SourceDate "2014.11.20"]
[SourceVersion "1"]
[SourceVersionDate "2014.11.20"]
[SourceQuality "1"]

1. c4 Nf6 2. Nc3 g6 3. e4 d6 4. Be2 Bg7 5. d4 0-0 6. h4 h5 7. Be3 Ng4 8. Bxg4 Bxg4 9. f3 Bd7 10. Qb3 Nc6 11. 0-0-0 Na5 12. Qb4 b6 13. Nce2 c5 14. Qc3 b5 15. b3 Rc8 16. Bd2 b4 17. Qd3 cxd4 18. Bxb4 Nc6 19. Qd2 Qb6 20. Ba3 Qa6 21. Kb2 d3+ 22. Nc3 Ne5 23. f4 Nxc4+ 24. bxc4 Rb8+ 25. Ka1 Qxa3 26. Rc1 Rb3 27. e5 dxe5 28. Qd1 Qb2# 0-1

[Event "Pinneberg op Seniors 13th"]
[Site "Pinneberg"]
[Date "2012.07.26"]
[Round "6"]
[White "Laber, Witalij"]
[Black "Ziehm, Holger"]
[Result "0-1"]
[WhiteElo "1374"]
[BlackElo "1514"]
[PlyCount "56"]
[EventDate "2012.06.21"]
[EventType "swiss"]
[EventRounds "7"]
[EventCountry "GER"]
[SourceTitle "EXT 2013"]
[Source "ChessBase"]
[SourceDate "2012.11.22"]
[SourceVersion "1"]
[SourceVersionDate "2012.11.22"]
[SourceQuality "1"]

1. e4 Nf6 2. e5 Nd5 3. d4 d6 4. c4 Nb6 5. Nf3 Bg4 6. Be2 Nc6 7. 0-0 dxe5 8. d5 Bxf3 9. dxc6 Bxc6 10. b3 e6 11. Be3 Be7 12. a4 a5 13. Nc3 0-0 14. Qb1 Bb4 15. Ne4 Qe7 16. Ng5 f5 17. f4 exf4 18. Bxf4 Bc5+ 19. Kh1 e5 20. Bc1 Bd4 21. Rxf5 Rxf5 22. Qxf5 g6 23. Qe6+ Qxe6 24. Nxe6 Bxa1 25. Nxc7 Rf8 26. Be3 Bd4 27. Ne6 Bxe3 28. c5 Rf2 0-1

[Event "Pinneberg op Seniors 12th"]
[Site "Pinneberg"]
[Date "2011.06.16"]
[Round "1"]
[White "Ramm, Helga"]
[Black "Ziehm, Holger"]
[Result "0-1"]
[WhiteElo "900"]
[BlackElo "1495"]
[PlyCount "66"]
[EventDate "2011.06.16"]
[EventType "swiss"]
[EventRounds "7"]
[EventCountry "GER"]
[SourceTitle "EXT 2012"]
[Source "ChessBase"]
[SourceDate "2011.11.24"]
[SourceVersion "1"]
[SourceVersionDate "2011.11.24"]
[SourceQuality "1"]

1. e4 c6 2. Nc3 d5 3. Nf3 Bg4 4. Be2 d4 5. Na4 Nf6 6. d3 Bxf3 7. Bxf3 e5 8. Bg5 b5 9. b3 bxa4 10. bxa4 Bb4+ 11. Ke2 Nbd7 12. Rb1 a5 13. Rb3 Nc5 14. Rb2 Nxa4 15. Rb3 Nc3+ 16. Rxc3 Bxc3 17. Qb1 Rb8 18. Qc1 0-0 19. h4 Qd6 20. h5 h6 21. Bxh6 Ne8 22. Bxg7 Nxg7 23. h6 Qf6 24. hxg7 Kxg7 25. Rh3 Rh8 26. Rg3+ Kf8 27. Qa3+ Bb4 28. Qb3 Ke7 29. Qa4 Rh1 30. c3 Bxc3 31. Qa3+ Bb4 32. Qxb4+ Rxb4 33. Rh3 Rb2# 0-1